|
|
|
|
| LEADER |
00000cam a22000004a 4500 |
| 001 |
musev2_66693 |
| 003 |
MdBmJHUP |
| 005 |
20230905050851.0 |
| 006 |
m o d |
| 007 |
cr||||||||nn|n |
| 008 |
190411s2019 inu o 00 0 eng d |
| 020 |
|
|
|a 9780893576974
|
| 020 |
|
|
|z 9780893574970
|
| 020 |
|
|
|z 089357497X
|
| 020 |
|
|
|z 0893576972
|
| 035 |
|
|
|a (OCoLC)1107444317
|
| 040 |
|
|
|a MdBmJHUP
|c MdBmJHUP
|
| 245 |
0 |
0 |
|a And Thus You Are Everywhere Honored :
|b Studies Dedicated to Brian D. Joseph /
|c edited by James J. Pennington, Victor A. Friedman, Lenore A. Grenoble.
|
| 264 |
|
1 |
|a Bloomington, Indiana :
|b Slavica Publishers,
|c 2019.
|
| 264 |
|
3 |
|a Baltimore, Md. :
|b Project MUSE,
|c 2019
|
| 264 |
|
4 |
|c ©2019.
|
| 300 |
|
|
|a 1 online resource.
|
| 336 |
|
|
|a text
|b txt
|2 rdacontent
|
| 337 |
|
|
|a computer
|b c
|2 rdamedia
|
| 338 |
|
|
|a online resource
|b cr
|2 rdacarrier
|
| 588 |
|
|
|a Description based on print version record.
|
| 650 |
|
7 |
|a Slavic languages.
|2 fast
|0 (OCoLC)fst01120608
|
| 650 |
|
7 |
|a Indo-European languages.
|2 fast
|0 (OCoLC)fst00970407
|
| 650 |
|
7 |
|a Greek language.
|2 fast
|0 (OCoLC)fst00947178
|
| 650 |
|
6 |
|a Langues slaves.
|
| 650 |
|
6 |
|a Grec (Langue)
|
| 650 |
|
6 |
|a Langues indo-europeennes.
|
| 650 |
|
0 |
|a Slavic languages.
|
| 650 |
|
0 |
|a Greek language.
|
| 650 |
|
0 |
|a Indo-European languages.
|
| 655 |
|
7 |
|a Electronic books.
|2 local
|
| 700 |
1 |
|
|a Pennington, James J.
|
| 700 |
1 |
|
|a Friedman, Victor A.
|
| 700 |
1 |
|
|a Grenoble, Lenore A.
|
| 700 |
1 |
|
|a Joseph, Brian D.,
|e honouree.
|
| 710 |
2 |
|
|a Project Muse.
|e distributor
|
| 830 |
|
0 |
|a Book collections on Project MUSE.
|
| 856 |
4 |
0 |
|z Texto completo
|u https://projectmuse.uam.elogim.com/book/66693/
|
| 945 |
|
|
|a Project MUSE - Custom Collection
|
| 945 |
|
|
|a Project MUSE - 2019 Russian and East European Studies
|
| 945 |
|
|
|a Project MUSE - 2019 Complete
|
| 945 |
|
|
|a Project MUSE - 2019 Language and Linguistics
|